Cơ học kết cấu
Nội dung tài kiệu gồm 8 chương, từ chương 5 đến chương 12: Chương 5: Phương pháp lực và cách tính hệ phẳng siêu tĩnh. Chương 6: Phương pháp chuyển vị và cách tính hệ phẳng siêu động. Chương 7: Phương pháp hỗn hợp và phương pháp liên ho...
Spremljeno u:
| Glavni autor: | |
|---|---|
| Format: | Knjiga |
| Jezik: | Undetermined |
| Izdano: |
Hà Nội
Khoa học và Kỹ thuật
2006
|
| Teme: | |
| Oznake: |
Dodaj oznaku
Bez oznaka, Budi prvi tko označuje ovaj zapis!
|
| Thư viện lưu trữ: | Trung tâm Học liệu Trường Đại học Cần Thơ |
|---|
| LEADER | 01302nam a2200205Ia 4500 | ||
|---|---|---|---|
| 001 | CTU_120222 | ||
| 008 | 210402s9999 xx 000 0 und d | ||
| 020 | |c 58900 | ||
| 082 | |a 624.171 | ||
| 082 | |b Tr312/T.2 | ||
| 100 | |a Lều, Thọ Trình | ||
| 245 | 0 | |a Cơ học kết cấu | |
| 245 | 0 | |c Lều Thọ Trình | |
| 260 | |a Hà Nội | ||
| 260 | |b Khoa học và Kỹ thuật | ||
| 260 | |c 2006 | ||
| 520 | |a Nội dung tài kiệu gồm 8 chương, từ chương 5 đến chương 12: Chương 5: Phương pháp lực và cách tính hệ phẳng siêu tĩnh. Chương 6: Phương pháp chuyển vị và cách tính hệ phẳng siêu động. Chương 7: Phương pháp hỗn hợp và phương pháp liên hợp. Chương 8: Cách tính hệ thanh không gian. Chương 9: Phương pháp phân hối mômen. Chương 10: Phương pháp tính gần đúng. Chương 11: Phương pháp động học. Chương 12: Khái niệm về cách tính theo trạng thái giới hạn. Phần cuối là câu hỏi ôn tập và tài liệu tham khảo. | ||
| 650 | |a Mechanics | ||
| 904 | |i Hiếu | ||
| 980 | |a Trung tâm Học liệu Trường Đại học Cần Thơ | ||